[Event "IECG WC.2005.S.00008 email"]
[Site "IECG email"]
[Date "2003.05.19"]
[Round "?"]
[White "Bubir, Alex Nikolaevich"]
[Black "Houtman, Joop"]
[Result "1/2-1/2"]
[WhiteElo "2311"]
[BlackElo "2351"]
[PlyCount "97"]
[EventDate "2003.05.19"]
[EventType "tourn (corr)"]
[EventRounds "10"]
[SourceTitle "Corr 2008"]
[Source "ChessBase"]
[SourceDate "2008.06.24"]
[SourceVersion "1"]
[SourceVersionDate "2008.06.24"]
[SourceQuality "1"]

1. e4 e5 2. Nf3 Nc6 3. Bb5 a6 4. Ba4 Nf6 5. 0-0 Be7 6. Re1 b5 7. Bb3 0-0 8. c3 d6 9. h3 Bb7 10. d4 Re8 11. Nbd2 Bf8 12. a4 h6 13. Bc2 exd4 14. cxd4 Nb4 15. Bb1 c5 16. d5 Nd7 17. Ra3 f5 18. Nh2 Nf6 19. Rf3 Re5 20. Rxf5 Rxf5 21. exf5 Bxd5 22. Ng4 Ra7 23. Ne4 Bxe4 24. Bxe4 Nxg4 25. Qxg4 d5 26. Bb1 Re7 27. Re6 Rxe6 28. fxe6 Qf6 29. axb5 axb5 30. Bd2 Nc6 31. Bc3 Ne5 32. Qe2 Bd6 33. Qxb5 Qxe6 34. Qb7 Bf8 35. Ba2 Nc6 36. b4 cxb4 37. Qb5 Kh8 38. Bxd5 Qg6 39. Bxg7+ Kxg7 40. Bxc6 Qb1+ 41. Kh2 Bd6+ 42. g3 Qc2 43. Qb7+ Kf6 44. Qb6 Bc5 45. Qd8+ Kg7 46. Qc7+ Kf6 47. Qf4+ Qf5 48. Qxh6+ Kf7 49. Qd2 1/2-1/2